000 00456nam a22001697a 4500
003 OSt
005 20211014112729.0
008 211014b |||||||| |||| 00| 0 eng d
020 _a0-306-40682-9
040 _cHawassa University
050 _a628.96068/FLI
082 _a628.96068/FLI
100 _aFlint Mary Louise
_913606
245 _aIntroduction to integrated pest management
260 _aNew York
_bPlenum Press
_c1981
942 _2ddc
_cBOOKS
_n0
999 _c12729
_d12729